000 00473nam a2200181Ia 4500
001 16649
005 20260306170325.0
008 260306t2010||||xx |||||||||||||| ||und||
041 _aESP
082 _a348.85
_bJ54
100 _aJiménez Coronado, Ludmin
_eAUT
245 0 _aParticipación de los trabajadores en utilidades y subsidios laborales
260 _c2010
300 _a63 páginas :
_c24 cm.
650 _aGEN
654 _aCDE
942 _cLIB
_dJUS
_fJUS
_2ddc
_n
999 _c16649
_d16649